000 00762nam a2200229 a 4500
001 BRL_496
005 20190320210754.0
008 210813s1962----gw-abo####---#000-0#ger-#
041 _ager
044 _agw
050 4 _aN5305
_b.K86 13 1962
100 1 _aSeckel, Dietrich
_924109
245 1 0 _aKunst des Buddhismus
_bWerden, Wanderung und Wandlung
_cvon Dietrich Seckel.
260 _aGermany
_bHolle-Verlag Baden-Baden
_c1962
300 _a332 p.
_bil. (algunas a color), mapas
_c23 cm.
440 0 _aKunst der Welt; ihre geschichtlichen, soziologischen und religiösen Grundlagen
_pDie aussereuropäischen Kulturen
_v13
_924110
500 _aAu524
500 _aBibliografía: p. 313-318
650 1 4 _aArte budista
_924111
902 _aGRL
942 _2lcc
_cB
999 _c9308
_d9308